| 000 | 02141nam a2200241Ia 4500 | ||
|---|---|---|---|
| 008 | 260220t1999||||xx |||||||||||||| ||spa|| | ||
| 040 |
_aPY-SlUNAC _bspa _erda |
||
| 041 | _aspa | ||
| 082 |
_a312.098 92 _bP212d |
||
| 110 |
_aParaguay. _bPresidencia de la República. _bSecretaría Técnica de Planificación del Desarrollo Económico y Social. _bDirección General de Estadística, Encuestas y Censos _eAutor |
||
| 245 | 0 |
_aDivulgación popular de la encuesta integrada de hogares 1997/98 / _cpor Paraguay. Presidencia de la República. Secretaría Técnica de Planificación del Desarrollo Económico y Social [Autor] |
|
| 264 |
_aAsunción : _bSecretaría Técnica de Planificación del Desarrollo Económico y Social, _c℗1999. |
||
| 300 | _a1 volumen | ||
| 520 | _aEl libro "Divulgación popular de la encuesta integrada de hogares 1997/98", publicado por la Secretaría Técnica de Planificación en Asunción en 1999, presenta los resultados de una investigación exhaustiva sobre las condiciones de vida de la población paraguaya. A través de una metodología estadística rigurosa, la encuesta recopila datos sobre aspectos socioeconómicos, demográficos y de salud de los hogares, permitiendo una comprensión integral de la realidad social del país. Este documento no solo detalla los hallazgos, sino que también busca facilitar el acceso a la información mediante una presentación amigable y accesible para el público en general. Se destacan indicadores clave como el ingreso familiar, la educación y la calidad de vivienda, que son esenciales para la formulación de políticas públicas efectivas. Al promover la divulgación de estos datos, el libro contribuye a la sensibilización y al debate sobre la pobreza y las desigualdades en Paraguay, siendo una herramienta valiosa para investigadores, académicos y responsables de la toma de decisiones. | ||
| 653 | _aDivulgación científica | ||
| 653 | _aEncuesta | ||
| 653 | _aHogares | ||
| 942 |
_b2026/02/17 _cBK |
||
| 999 |
_c6998 _d6998 |
||